MARC

LEADER 00000nam a22000007a 4500
001 24749
003 AGDB
005 20260324181535.0
008 251010b -uk||||| |||| 00| 0 eng d
041 |a eng 
100 |a McGreevy, Thomas,  |d 1893-1967  |9 72427 
245 |a Poems /  |c by Thomas McGreevy 
260 |a London :  |b William Heinemann Ltd ,  |c 1934 
300 |a 60 pàg. ;  |c 19 cm 
500 |a Prové del fons Joan Junyer i Pascual (1909-1994) 
504 |a Índex 
650 0 |a Poesia anglesa  |9 72448  |y S. XX 
650 0 |a Fons Joan Junyer i Pascual (1909-1994)  |9 72777 
942 |2 udc  |c ARXIU  |n 1 
952 |0 0  |1 0  |4 0  |6 F50442  |7 1  |9 98432  |a Arxiu  |b Arxiu  |d 2025-10-10  |l 0  |o F-504-42  |p 24749  |r 2025-10-10 10:34:15  |w 2025-10-10  |y ARXIU 
999 |c 130186  |d 130186